Top 60 Girl Baby Names New Zealand 2017 - Statistics

General Stats
  • This quiz has been taken 285 times
  • The average score is 36 of 60
Answer Stats
Hint Answer % Correct
O Olivia
92%
C Charlotte
89%
I Isabella
85%
Z Zoe
83%
H Hannah
82%
I Isabelle
81%
Iv Ivy
81%
E Emma
80%
M Mia
80%
E Ella
79%
E Emily
79%
I Isla
78%
A Ava
75%
G Grace
75%
S Sophia
75%
S Sophie
75%
A Amelia
73%
C Chloe
73%
E Evelyn
71%
E Evie
71%
L Lily
70%
Wi Willow
70%
Z Zara
70%
Ar Aria
69%
Qu Quinn
64%
El Ellie
63%
E Eva
62%
Fr Freya
61%
L Lucy
61%
H Harper
60%
G Georgia
59%
Mi Mila
59%
Ol Olive
58%
Ph Phoebe
58%
R Ruby
58%
Fl Florence
57%
M Maddison
57%
Po Poppy
56%
Mi Millie
55%
St Stella
55%
M Madison
53%
Ad Addison
52%
Ma Maia
52%
Be Bella
51%
La Layla
51%
Th Thea
50%
Ay Ayla
47%
A Abigail
45%
A Alice
45%
S Scarlett
40%
Ri Riley
39%
S Sienna
38%
Pa Paige
32%
Ha Hazel
30%
Ed Eden
28%
Pi Piper
27%
M Matilda
26%
In Indie
25%
Fr Frankie
24%
Ma Mackenzie
14%
No matching quizzes found
Score Distribution
Percent of People with Each Score
Percentile by Number Answered
Your Score History
You have not taken this quiz